|
|
|
|
| LEADER |
01521nam a2200397 a 4500 |
| 001 |
EBC459799 |
| 003 |
MiAaPQ |
| 005 |
20200520144314.0 |
| 006 |
m o d | |
| 007 |
cr cn||||||||| |
| 008 |
080915s2009 dcuab sb i001 0 eng |
| 010 |
|
|
|z 2008040248
|
| 020 |
|
|
|z 9780821376508
|
| 020 |
|
|
|z 0821376500
|
| 035 |
|
|
|a (MiAaPQ)EBC459799
|
| 035 |
|
|
|a (Au-PeEL)EBL459799
|
| 035 |
|
|
|a (CaPaEBR)ebr10255163
|
| 035 |
|
|
|a (CaONFJC)MIL184593
|
| 035 |
|
|
|a (OCoLC)560635049
|
| 040 |
|
|
|a MiAaPQ
|c MiAaPQ
|d MiAaPQ
|
| 043 |
|
|
|a f------
|
| 050 |
|
4 |
|a HE195.5.A35
|b T47 2009
|
| 082 |
0 |
4 |
|a 388/.049
|2 22
|
| 100 |
1 |
|
|a Teravaninthorn, Supee.
|
| 245 |
1 |
0 |
|a Transport prices and costs in Africa
|h [electronic resource] :
|b a review of the main international corridors /
|c Supee Teravaninthorn, Gael Raballand.
|
| 260 |
|
|
|a Washington, DC :
|b World Bank,
|c c2009.
|
| 300 |
|
|
|a xvi, 145 p. :
|b ill., map.
|
| 490 |
1 |
|
|a Directions in development. Infrastructure
|
| 504 |
|
|
|a Includes bibliographical references (p. 109-111) and index.
|
| 533 |
|
|
|a Electronic reproduction. Ann Arbor, MI : ProQuest, 2015. Available via World Wide Web. Access may be limited to ProQuest affiliated libraries.
|
| 650 |
|
0 |
|a Transportation
|z Africa
|x Costs.
|
| 655 |
|
4 |
|a Electronic books.
|
| 700 |
1 |
|
|a Raballand, Gael.
|
| 710 |
2 |
|
|a ProQuest (Firm)
|
| 830 |
|
0 |
|a Directions in development (Washington, D.C.).
|p Infrastructure.
|
| 856 |
4 |
0 |
|u https://ebookcentral.proquest.com/lib/matrademy/detail.action?docID=459799
|z Click to View
|